00341nam a22000977a 4500008004100000082001800041245013000059260003400189300001200223440000800235230609b xxu||||| |||| 00| 0 eng d a352.4908bKEN a2010/2011 Estimates of Recurrent Expenditure of the Government of Kenya for the Year Ending 30th June, 2011b(Votes R32- R61) aNairobi,KenyabGOKcJune,2010 aX,1593p vIII